| 000 | 00710cam a2200217 a 4500 | ||
|---|---|---|---|
| 003 | CO-ViMGA | ||
| 008 | 150416s2014 ck rd 000 0 spa d | ||
| 020 | _a9789584241177 (O.C.) | ||
| 040 |
_aCO-ViMGA _bspa _cCO-ViMGA |
||
| 082 | 0 | 4 |
_aR 463 _bR21D 2014 _220 |
| 110 | 2 |
_aReal Academia Española _93471 |
|
| 245 | 1 | 0 |
_aDiccionario de la lengua española _cReal Academia Española |
| 250 | _a23a ed. | ||
| 260 |
_aBogotá _bEspasa-Libros _bEditorial Planeta Colombiana _c2014. |
||
| 300 |
_a2 v. _c26 cm. |
||
| 500 | _aEdición del Tricentenario. | ||
| 505 | 0 |
_gVol. 1. _tA-G. -- _gVol. 2. _tH-Z. |
|
| 650 | 1 | 4 |
_aEspañol _vDiccionarios _91765 |
| 650 | 2 | 4 |
_aEspañol _xGramática _vDiccionarios _93472 |
| 942 |
_2ddc _cBK |
||
| 999 |
_c7944 _d7944 |
||